|
|
|
|
| LEADER |
00000nab a2200000ua 4500 |
| 001 |
vtls010788224 |
| 003 |
SK-MaSNL |
| 005 |
20260303151945.0 |
| 008 |
230222s2006 xo |||||||||||||||||eng| |
| 035 |
|
|
|a (urnnbn)urn:nbn:sk:snk:ar-a0284c
|
| 035 |
|
|
|a (uuid)46caa0b2-abce-4af1-977f-035e38614552
|
| 035 |
|
|
|a urn:nbn:sk:snk-ab4hsc
|
| 040 |
|
|
|a SNKBUCL
|b slo
|c SNKBUCL
|e AACR2
|
| 041 |
0 |
|
|a eng
|
| 044 |
|
|
|a xo
|c SK
|
| 100 |
1 |
|
|a Ahmadian, G.
|4 aut
|9 1172007
|
| 245 |
1 |
0 |
|a CLONING AND NUCLEOTIDE ANALYSIS OF THE VP2 GENE OF A VERY VIRULENT INFECTIOUS BURSAL DISEASE VIRUS ISOLATE FROM IRAN
|c G. Ahmadian, M. Shamsara, S. A. Ghorashi
|
| 700 |
1 |
|
|a Shamsara, M.
|4 aut
|9 1172008
|
| 700 |
1 |
|
|a S. A. GHORASHI
|4 aut
|9 1172009
|
| 773 |
0 |
|
|t Acta virologica : international journal
|g Roč. 50, č. 4 (2006), s. 229-234
|
| 958 |
|
|
|a OND
|
| 958 |
|
|
|a EUIPO
|
| 958 |
|
|
|a article3
|
| 999 |
|
|
|c 2020822
|d 2022752
|